Pokémon: First 3 Single Type Pokémon - Statistics

General Stats
  • This quiz has been taken 69 times
    32 since last reset
  • The average score is 44 of 54
Answer Stats
Type Pokédex # Pokémon Region % Correct
Bug 010 Caterpie Kanto
96%
Bug 011 Metapod Kanto
96%
Electric 025 Pikachu Kanto
96%
Electric 026 Raichu Kanto
96%
Psychic 063 Abra Kanto
93%
Psychic 065 Alakazam Kanto
93%
Psychic 064 Kadabra Kanto
93%
Water 009 Blastoise Kanto
89%
Fire 004 Charmander Kanto
89%
Dragon 148 Dragonair Kanto
89%
Dragon 147 Dratini Kanto
89%
Water 007 Squirtle Kanto
89%
Fire 005 Charmeleon Kanto
86%
Fighting 066 Machop Kanto
86%
Fighting 056 Mankey Kanto
86%
Fighting 057 Primeape Kanto
86%
Normal 020 Raticate Kanto
86%
Normal 019 Rattata Kanto
86%
Water 008 Wartortle Kanto
86%
Poison 024 Arbok Kanto
82%
Fairy 035 Clefairy Kanto
82%
Fairy 173 Cleffa Johto
82%
Poison 023 Ekans Kanto
82%
Ice 362 Glalie Hoenn
82%
Bug 127 Pinsir Kanto
82%
Ground 026 Sandshrew Kanto
82%
Ground 027 Sandslash Kanto
82%
Ice 361 Snorunt Hoenn
82%
Electric 100 Voltorb Kanto
82%
Fire 037 Vulpix Kanto
82%
Fairy 036 Clefable Kanto
79%
Normal 052 Meowth Kanto
79%
Steel 052 Meowth Galar
79%
Dark 052 Meowth Alola
79%
Ghost 200 Misdreavus Johto
79%
Dark 053 Persian Alola
79%
Grass 114 Tangela Kanto
79%
Dark 197 Umbreon Johto
79%
Grass 153 Bayleef Johto
75%
Grass 152 Chikorita Johto
75%
Flying 822 Corvisquire Galar
75%
Flying 821 Rookidee Galar
75%
Ghost 353 Shuppet Hoenn
75%
Flying 641 Tornadus Unova
75%
Dragon 371 Bagon Hoenn
71%
Ghost 222 Corsola Galar
71%
Ground 050 Diglett Kanto
71%
Steel 599 Klink Unova
71%
Poison 029 Nidoran♀ Kanto
71%
Rock 299 Nosepass Hoenn
71%
Rock 377 Regirock Hoenn
71%
Steel 379 Registeel Hoenn
71%
Rock 185 Sudowoodo Johto
71%
Ice 351 Castform Hoenn
68%
No matching quizzes found
Score Distribution
Percent of People with Each Score
Percentile by Number Answered
Your Score History
You have not taken this quiz since the last reset